| 000 | 00899cam a2200157ua 4500 | ||
|---|---|---|---|
| 041 |
_ahin _h |
||
| 082 |
_a891.54 _bNAT/HI |
||
| 110 | 1 |
_aNational Publishing House . _b _c(Delhi ) |
|
| 245 |
_aHindi Shabd Kosh / _cNational Publishing House. _hTextual Documents |
||
| 250 |
_a1 / _b. |
||
| 260 |
_aNew Delhi : _bNational Publishing House , _c1967. |
||
| 300 | _a562 ; . | ||
| 504 | _a | ||
| 942 | _cBK | ||
| 999 |
_c337 _d337 |
||